Statistiques concernant C'est pas une vie - Cendrillon [Paroles entières]

Cliquez ici pour prendre le quiz!

Statistiques générales

  • Ce quiz a été pris 119 fois
  • Le résultat moyen est 161 sur 218

Statistiques - réponses

XParoles% Correct
ce
100%
le
99%
Les sourisLe
99%
pas
97%
la
96%
La
96%
les
96%
X5Les
96%
c'est
95%
C'est
95%
de
95%
à
94%
a
94%
Cendrillon
92%
et
92%
Et
92%
ça
91%
sa
91%
se
91%
des
88%
Dès
88%
elle
88%
JackElle
88%
tout
88%
ménage
86%
Toute
86%
un
86%
au
85%
bal
85%
ne
85%
journée
83%
on
83%
On
83%
plus
83%
que
83%
repassage
83%
pour
81%
va
81%
Elles
79%
elles
79%
jamais
79%
une
79%
faire
78%
n'arrête
77%
patata
77%
JackPatati
77%
peut
77%
Sans
77%
pauvre
74%
JackPauvre
74%
qu'elle
74%
sera
74%
vaisselle
74%
vraiment
74%
n'ira
73%
robe
73%
Vous
73%
vous
73%
l'esclavage
72%
mettent
72%
cuisine
71%
Faut
71%
faut
71%
jolie
71%
reposer
71%
Dans
69%
Quand
69%
soir
69%
je
68%
ses
68%
temps
68%
tu
68%
Tu
68%
harpies
67%
en
65%
Les sourisQuoi
65%
travailler
65%
vont
65%
brailler
64%
par
64%
s'arrêter
64%
doit
63%
Gus | JackMoi
63%
prête
63%
fini
62%
l'art
62%
manière
62%
il
60%
lavage
59%
sorcier
59%
l'en
58%
aux
56%
feront
56%
j'ai
56%
jusqu'à
56%
aiguille
55%
empêcher
55%
Non
55%
non
55%
X2Oh
55%
y
55%
coudre
54%
dise
54%
amies
53%
d'être
53%
racontes
53%
aller
51%
ira
51%
satin
51%
tous
51%
verrez
51%
voulez
51%
danser
50%
faite
50%
Qu'est-ce
50%
Avec
49%
ciseaux
49%
49%
trouvé
49%
feu
47%
cachette
46%
colle
46%
pots
46%
ruban
46%
vrais
46%
rigoles
42%
couturières
41%
fanfreluches
41%
X4Allez
40%
trois
40%
femmes
38%
JackOuais
37%
ruche
37%
affreux
35%
momennt
33%
arriver
32%
piste
28%
traînasser
18%

Distribution des résultats

Percentile par nombre de réponses

% des personnes avec chaque résultat

Votre développement - résultats

Vous n’avez pas pris ce quiz